<?xml version='1.0' encoding='UTF-8'?>
  <record xmlns="http://www.loc.gov/MARC21/slim">
    <leader>00000cam a22000007i 4500</leader>
    <controlfield tag="001">ocm65361584</controlfield>
    <controlfield tag="003">OCoLC</controlfield>
    <controlfield tag="005">20240925021457.2</controlfield>
    <controlfield tag="008">900517s1752    ne            000 0 dut d</controlfield>
    <datafield tag="040" ind1=" " ind2=" ">
      <subfield code="a">NLGGC</subfield>
      <subfield code="b">dut</subfield>
      <subfield code="e">fobidrtb</subfield>
      <subfield code="c">NLGGC</subfield>
    </datafield>
    <datafield tag="029" ind1="0" ind2=" ">
      <subfield code="a">NLGGC</subfield>
      <subfield code="b">061609528</subfield>
    </datafield>
    <datafield tag="035" ind1=" " ind2=" ">
      <subfield code="a">(OCoLC)65361584</subfield>
    </datafield>
    <datafield tag="245" ind1="0" ind2="3">
      <subfield code="a">De ervaren koetzier, ofte vervolg van de volmaakte princelyke hoef-smidt, paarde-kooper en stal-meester :</subfield>
      <subfield code="b">leerende de kunst van mennen, de kennisse der reituigen, zo wel als van de paarden en wat omtrent het een en ander dienden waargenomen te worden : nevens nog eenige aanmerkingen en beproefde hulp middelen tegens de gebreeken en ziektens der paarden, voornamelyk die door het beslaan konnen weg genomen worden : ten dienste van de liefhebbers van het paarde-ryden en de hard-dravery /</subfield>
      <subfield code="c">uitg. volgens het handschrift van een ervaren liefhebber.</subfield>
    </datafield>
    <datafield tag="260" ind1=" " ind2=" ">
      <subfield code="a">Te Amsterdam :</subfield>
      <subfield code="b">by Steven van Esveldt,</subfield>
      <subfield code="c">1752.</subfield>
    </datafield>
    <datafield tag="300" ind1=" " ind2=" ">
      <subfield code="a">99, VIII p. :</subfield>
      <subfield code="b">ill. ;</subfield>
      <subfield code="c">17 cm (8-o)</subfield>
    </datafield>
    <datafield tag="336" ind1=" " ind2=" ">
      <subfield code="a">tekst</subfield>
      <subfield code="b">txt</subfield>
      <subfield code="2">rdacontent/dut</subfield>
    </datafield>
    <datafield tag="337" ind1=" " ind2=" ">
      <subfield code="a">zonder medium</subfield>
      <subfield code="b">n</subfield>
      <subfield code="2">rdamedia/dut</subfield>
    </datafield>
    <datafield tag="338" ind1=" " ind2=" ">
      <subfield code="a">band</subfield>
      <subfield code="b">nc</subfield>
      <subfield code="2">rdacarrier/dut</subfield>
    </datafield>
    <datafield tag="776" ind1="0" ind2=" ">
      <subfield code="t">De ervaren koetzier, ofte vervolg van de volmaakte princelyke hoef-smidt, paarde-kooper en stal-meester</subfield>
      <subfield code="w">(NL-LeOCL)425968448</subfield>
    </datafield>
    <datafield tag="776" ind1="0" ind2=" ">
      <subfield code="t">De ervaren koetzier, ofte vervolg van de volmaakte princelyke hoef-smidt, paarde-kooper en stal-meester</subfield>
      <subfield code="w">(NL-LeOCL)425968456</subfield>
    </datafield>
    <datafield tag="936" ind1=" " ind2=" ">
      <subfield code="a">BATCHLOAD</subfield>
    </datafield>
  </record>